| 000 | 01045nmc a2200397 a 4500 | ||
|---|---|---|---|
| 003 | AR-BaBNM | ||
| 005 | 20251128205120.0 | ||
| 008 | 256019s1970 ||||||||||||||000 | spa|| | ||
| 040 | _cAR-BaBNM | ||
| 100 | 1 | _aDíaz-Plaja, Guillermo | |
| 245 | 1 | 0 | _aEl barroco literario |
| 260 |
_aBuenos Aires _bColumba _c1970 |
||
| 300 | 0 | _a117 p. | |
| 490 | 0 |
_aEsquemas _vv. 102 |
|
| 500 | 0 | _aContiene catalógo de las colecciones | |
| 600 | 1 | 4 | _aCervantes Saavedra, Miguel De |
| 600 | 1 | 4 | _aGongora, Luis De |
| 600 | 1 | 4 | _aQuevedo y Villegas, Francisco De |
| 600 | 1 | 4 | _aGracian, Baltasar |
| 650 | 4 | _aHISTORIA LITERARIA | |
| 650 | 4 | _aESTETICA | |
| 650 | 4 | _aFILOSOFIA CULTURAL | |
| 650 | 4 | _aLITERATURA ESPANOLA | |
| 650 | 4 | _aTEATRO | |
| 650 | 4 | _aCRITICA LITERARIA | |
| 650 | 4 | _aESTUDIOS CULTURALES | |
| 650 | 4 | _aESTILO LITERARIO | |
| 650 | 4 | _aESTETICA | |
| 650 | 4 | _aLITERATURA | |
| 651 | 4 | _aAmérica Latina | |
| 653 | 0 | _aBARROCO | |
| 653 | 0 | _aSIGLO DE ORO ESPANOL | |
| 655 | _aLITERATURA | ||
| 942 | _cBK | ||
| 998 | _cisola | ||
| 999 |
_c10045 _d10045 |
||